Απογευματινή [εφημερίδα] | εκδότης-ιδιοκτήτης Μιχαλάκης Χατζηευθυμίου (Αριθ. εγγραφής 6290)
[ απλή προβολή ]
| 000 -ΕΤΙΚΕΤΑ ΕΓΓΡΑΦΗΣ (LEADER) | |
|---|---|
| Σταθερού μήκους πεδίο ελέγχου | 00868nas a2200265 4500 |
| 003 - PERSISTENT ΑΝΑΓΝΩΡΙΣΤΙΚΟ ΕΓΓΡΑΦΗΣ | |
| Πεδίο ελέγχου | GR-kaGGEEl |
| 005 - ΤΑΥΤΟΤΗΤΑ ΕΚΔΟΧΗΣ | |
| Πεδίο ελέγχου | 20220622205358.0 |
| 035 ## - ΑΡΙΘΜΟΙ ΕΛΕΓΧΟΥ ΑΛΛΩΝ ΣΥΣΤΗΜΑΤΩΝ | |
| Αριθμός ελέγχου συστήματος | 8995 |
| 100 ## - ΓΕΝΙΚΑ ΔΕΔΟΜΕΝΑ ΕΠΕΞΕΡΓΑΣΙΑΣ | |
| Γενικά δεδομένα επεξεργασίας | 20100513b19722001k y0grey50 ga |
| 101 0# - ΓΛΩΣΣΑ ΤΟΥ ΠΟΡΟΥ | |
| Γλώσσα κειμένου, soundtrack, κλπ. | Ελληνική γλώσσα (1453-) |
| 102 ## - ΧΩΡΑ ΔΗΜΟΣΙΕΥΣΗΣ Ή ΠΑΡΑΓΩΓΗΣ | |
| Χώρα δημοσίευσης | Κύπρος |
| 106 ## - ΠΕΔΙΟ ΚΩΔΙΚΟΠΟΙΗΜΕΝΩΝ ΔΕΔΟΜΕΝΩΝ: ΥΛΙΚΟ ΜΕ ΚΕΙΜΕΝΟ - ΜΟΡΦΗ | |
| Textual Material Coded Data Physical Medium Designator | e |
| 110 ## - ΠΕΔΙΟ ΚΩΔΙΚΟΠΟΙΗΜΕΝΩΝ ΔΕΔΟΜΕΝΩΝ: ΠΕΡΙΟΔΙΚΑ ΔΗΜΟΣΙΕΥΜΑΤΑ | |
| Κωδικοποιημένα δεδομένα περιοδικού δημοσιεύματος | c||| 0||| |
| 200 1# - ΤΙΤΛΟΣ ΚΑΙ ΔΗΛΩΣΗ ΠΝΕΥΜΑΤΙΚΗΣ ΥΠΕΥΘΥΝΟΤΗΤΑΣ | |
| Κύριος Τίτλος | Απογευματινή [εφημερίδα] |
| Πρώτη Δήλωση Πνευματικής Υπευθυνότητας | εκδότης-ιδιοκτήτης Μιχαλάκης Χατζηευθυμίου |
| 207 #0 - ΠΕΡΙΟΔΙΚΑ ΔΗΜΟΣΙΕΥΜΑΤΑ – ΑΡΙΘΜΗΣΗ | |
| Αρίθμηση: Χρονολογίες και προσδιορισμός τόμων | Αρ.φυλ.1 (22 Φεβρ.1972) - αρ.φυλ.8913 (27/28 Οκτ.2001) |
| 210 ## - ΔΗΜΟΣΙΕΥΣΗ, ΔΙΑΘΕΣΗ κ.λ.π. | |
| Τόπος δημοσίευσης, διάθεσης, κλπ. | Λευκωσία |
| Ημερομηνία δημοσίευσης, διάθεσης κλπ. | 1972 - 2001 |
| 310 ## - ΣΗΜΕΙΩΣΕΙΣ ΣΧΕΤΙΚΕΣ ΜΕ ΤΗ ΒΙΒΛΙΟΓΡΑΦΙΑ ΚΑΙ ΤΗ ΔΙΑΘΕΣΙΜΟΤΗΤΑ | |
| Κείμενο της σημείωσης | Η βιβλιοθήκη διαθέτει τα εξής: 1974 |
| 606 1# - ΘΕΜΑΤΙΚΟ ΣΗΜΕΙΟ ΠΡΟΣΒΑΣΗΣ - ΘΕΜΑΤΙΚΟ ΟΝΟΜΑ | |
| Στοιχείο αναγραφής | Τύπος, Κυπριακός |
| Εσωτερικός κωδικός Koha | 23970 |
| 607 ## - ΘΕΜΑΤΙΚΟ ΣΗΜΕΙΟ ΠΡΟΣΒΑΣΗΣ - ΓΕΩΓΡΑΦΙΚΟ ΟΝΟΜΑ | |
| Στοιχείο αναγραφής | Κύπρος |
| Θεματική υποδιαίρεση | Εφημερίδες |
| Εσωτερικός κωδικός Koha | 16682 |
| 676 ## - ΔΕΚΑΔΙΚΗ ΤΑΞΙΝΟΜΗΣΗ DEWEY (DDC) | |
| Αριθμός | 079.5645 |
| 942 ## - ADDED ENTRY ELEMENTS (KOHA) | |
| Τύπος αντιτύπου Koha | Περιοδικά |
Δεν υπάρχουν διαθέσιμα τεκμήρια.